Novelizácia IFRS 1, IFRS 12 a IAS 28 v súlade s nariadením Komisie (EÚ) č. 2018/182 s účinnosťou od 1. 1. 2017 a neskôr

IFRS 1 Prvé uplatnenie medzinárodných štandardov pre finančné. IFRS 12 Zverejňovanie podielov v iných účtovných jednotkách. IAS 28 Investície do pridružených podnikov a spoločných podnikov.

Gespeichert in:
Bibliographische Detailangaben
1. Verfasser: Mokošová, Daša, 1979-
Format: Buchkapitel
Sprache:Slowakisch
Schlagworte:
Tags: Tag hinzufügen
Keine Tags, Fügen Sie das erste Tag hinzu!

MARC

LEADER 00000naa a2200000 4500
001 0260027
005 20240502074118.3
041 0 |a slo 
044 |a SK 
245 1 0 |a Novelizácia IFRS 1, IFRS 12 a IAS 28 v súlade s nariadením Komisie (EÚ) č. 2018/182 s účinnosťou od 1. 1. 2017 a neskôr  |c Daša Mokošová 
520 |a IFRS 1 Prvé uplatnenie medzinárodných štandardov pre finančné. IFRS 12 Zverejňovanie podielov v iných účtovných jednotkách. IAS 28 Investície do pridružených podnikov a spoločných podnikov. 
610 2 0 |a štandardy účtovné medzinárodné 
610 2 0 |a Európska komisia 
610 2 0 |a harmonizácia 
610 2 0 |a novelizácia 
610 2 0 |a Slovensko 
610 2 0 |a Európska únia 
100 1 |a Mokošová, Daša, 1979-